| Tag |
First Indicator |
Second Indicator |
Subfields |
| LEADER |
00000cam a2200000 a 4500 |
| 001 |
in00000089258 |
| 005 |
20151008065401.0 |
| 008 |
810128s1980 ohu b 10000 engm |
| 010 |
|
|
|a 80147734
|
| 020 |
|
|
|a 0893570648
|
| 035 |
|
|
|a (OCoLC)07078121
|
| 035 |
|
|
|9 AAK5854AM
|
| 040 |
|
|
|a DLC
|c DLC
|d m.c.
|d TXA
|d UtOrBLW
|
| 043 |
|
|
|a ee-----
|
| 049 |
|
|
|a TXAM
|c [802279]
|
| 050 |
0 |
0 |
|a PN849.E9
|b F5
|
| 082 |
0 |
|
|a 808.8/9947
|2 19
|
| 245 |
0 |
0 |
|a Fiction and drama in Eastern and Southeastern Europe :
|b evolution and experiment in the postwar period : proceedings of the 1978 UCLA Conference /
|c edited by Henrik Birnbaum and Thomas Eekman.
|
| 264 |
|
1 |
|a Columbus, Ohio :
|b Slavica Publishers,
|c 1980.
|
| 300 |
|
|
|a vii, 463 pages ;
|c 24 cm.
|
| 336 |
|
|
|a text
|b txt
|2 rdacontent
|
| 337 |
|
|
|a unmediated
|b n
|2 rdamedia
|
| 338 |
|
|
|a volume
|b nc
|2 rdacarrier
|
| 490 |
1 |
|
|a UCLA Slavic studies ;
|v v. 1
|
| 500 |
|
|
|a "Organized by the UCLA Center for Russian and East European Studies."
|
| 504 |
|
|
|a Includes bibliographical references.
|
| 650 |
|
0 |
|a East European literature
|x Congresses.
|
| 700 |
1 |
|
|a Birnbaum, Henrik.
|
| 700 |
1 |
|
|a Eekman, Thomas.
|
| 710 |
2 |
|
|a University of California, Los Angeles.
|b Center for Russian and East European Studies.
|
| 830 |
|
0 |
|a UCLA Slavic studies ;
|v v. 1.
|
| 999 |
|
|
|a MARS
|
| 999 |
f |
f |
|s f2625f77-f577-33a4-ad30-e4394a212a30
|i 48c9e0b4-ef95-3f31-a376-aed314ea4bf1
|t 0
|
| 952 |
f |
f |
|p ric
|a Texas A&M University
|b Rellis Campus
|c Joint Library Facility
|d Remote Storage
|t 0
|e PN849.E9 F5
|h Library of Congress classification
|i unmediated -- volume
|m A14806177284
|
| 998 |
f |
f |
|a PN849.E9 F5
|t 0
|l Remote Storage
|